[Event "Memorial Romana Baka "]
[Site "Starochorzowski Dom Kultury, u"]
[Date "2016.09.19"]
[Round "5.7"]
[White "Wojkowski, Mariusz"]
[Black "Pierzak, Rafael"]
[Result "1/2-1/2"]
[WhiteElo "1730"]
[BlackElo "2172"]
[PlyCount "151"]
[EventDate "2016.??.??"]

1. e4 e5 2. Nf3 Nc6 3. d4 exd4 4. Nxd4 Bc5 5. Nb3 Bb6 6. Nc3 Qf6 7. f4 Nge7 8.
Bd3 d6 9. Qe2 Qh4+ 10. g3 Qh3 11. Qf1 O-O 12. Bd2 Qxf1+ 13. Bxf1 Bg4 14. Be2
Bxe2 15. Nxe2 f5 16. Nc3 fxe4 17. Nxe4 Nf5 18. O-O-O Rae8 19. Rde1 Nfd4 20.
Nxd4 Nxd4 21. Rhf1 d5 22. Ng5 h6 23. Nf3 Rxe1+ 24. Nxe1 c6 25. Nd3 Re8 26. Ne5
Bc7 27. Be3 Bxe5 28. fxe5 Ne6 29. Bxa7 Ra8 30. Bb6 Rxa2 31. Rf3 Ra6 32. Bf2
Ra1+ 33. Kd2 Rh1 34. h4 d4 35. c3 Rh2 36. Kd3 dxc3 37. bxc3 Rh1 38. Be3 Rd1+
39. Ke4 Rd5 40. h5 Ra5 41. Rf5 Ra4+ 42. Kd3 Rg4 43. Rf3 Ng5 44. Bxg5 Rxg5 45.
Kd4 Rxh5 46. e6 Rh1 47. Kc5 Re1 48. Kd6 Rd1+ 49. Ke7 Ra1 50. Rf8+ Kh7 51. Rb8
b5 52. Kd8 Rd1+ 53. Kc7 Re1 54. Kd6 Kg6 55. Rf8 Rd1+ 56. Kxc6 Re1 57. Kd7 Rd1+
58. Ke7 Re1 59. Kd7 Rd1+ 60. Ke8 Rd3 61. e7 Rxg3 62. Rf2 Rxc3 63. Kf8 Rc8+ 64.
e8=Q+ Rxe8+ 65. Kxe8 h5 66. Kf8 h4 67. Rg2+ Kf5 68. Kxg7 h3 69. Rg3 Ke4 70.
Rxh3 Kd4 71. Kf6 b4 72. Kf5 Kc4 73. Ke4 b3 74. Rh8 b2 75. Rc8+ Kb3 76. Rb8+
1/2-1/2

[Event "Memorial Romana Baka "]
[Site "Starochorzowski Dom Kultury, u"]
[Date "2016.09.19"]
[Round "5.8"]
[White "Pasieka, Marcin"]
[Black "Bensaid, Simon"]
[Result "0-1"]
[WhiteElo "1682"]
[BlackElo "1970"]
[PlyCount "54"]
[EventDate "2016.??.??"]

1. e4 c5 2. Nf3 Nc6 3. d4 cxd4 4. c3 dxc3 5. Nxc3 d6 6. Bc4 e6 7. O-O Nge7 8.
Qe2 a6 9. a4 Ng6 10. Rd1 Be7 11. Be3 O-O 12. Rac1 Bd7 13. Nd2 Qc7 14. Bb3 Rfb8
15. f4 Bf8 16. g3 b6 17. Qf1 Qb7 18. Qe2 Na5 19. Bc2 b5 20. axb5 axb5 21. b4
Nc6 22. Rb1 Ra3 23. Qd3 d5 24. exd5 Nxb4 25. Qe4 f5 26. Qg2 Nxc2 27. Nc4 Nxe3
0-1

[Event "Memorial Romana Baka "]
[Site "Starochorzowski Dom Kultury, u"]
[Date "2016.09.19"]
[Round "5.9"]
[White "Ociepka, Tomasz"]
[Black "Pazdzior, Michal"]
[Result "1-0"]
[WhiteElo "1915"]
[BlackElo "1664"]
[PlyCount "93"]
[EventDate "2016.??.??"]

1. e4 c6 2. c4 d5 3. cxd5 cxd5 4. exd5 Nf6 5. Bb5+ Nbd7 6. Nc3 a6 7. Qa4 Rb8 8.
Bxd7+ Qxd7 9. Qxd7+ Bxd7 10. d4 b5 11. Bf4 Rb7 12. a3 Nh5 13. Be3 Nf6 14. Nf3
g6 15. Ne5 Bg7 16. Nd3 Bc8 17. Nc5 Rb6 18. Bf4 Kd8 19. b4 Bb7 20. Be5 Rg8 21.
Rc1 Ba8 22. O-O Ne8 23. Rfe1 Nd6 24. a4 bxa4 25. N3xa4 Rxb4 26. Rb1 Rxb1 27.
Rxb1 Nc8 28. Bxg7 Rxg7 29. Rb8 Bxd5 30. Nb6 Kc7 31. Nxa6+ Kc6 32. Nxd5 Kxd5 33.
Rxc8 Kxd4 34. Rc7 e6 35. Nc5 Kd5 36. Nb7 Ke5 37. Nd8 Kf6 38. Rb7 g5 39. Kf1 h5
40. Ke2 Rh7 41. Kf3 Rg7 42. Kg3 Kg6 43. h4 g4 44. Kf4 Kf6 45. Rxf7+ Rxf7 46.
Nxf7 Kxf7 47. Kg5 1-0

[Event "Memorial Romana Baka "]
[Site "Starochorzowski Dom Kultury, u"]
[Date "2016.09.19"]
[Round "5.10"]
[White "Hampel, Anna"]
[Black "Szczecina, Kamil"]
[Result "0-1"]
[WhiteElo "1663"]
[BlackElo "1773"]
[PlyCount "64"]
[EventDate "2016.??.??"]

1. e4 c5 2. Nf3 e6 3. d4 cxd4 4. Nxd4 a6 5. Nc3 Qc7 6. Be2 Nf6 7. O-O d6 8. Kh1
b5 9. a3 Bb7 10. f3 Be7 11. Be3 O-O 12. Bd3 d5 13. exd5 Nxd5 14. Nxd5 Bxd5 15.
Qd2 Nd7 16. Be4 Bxe4 17. fxe4 Nc5 18. Qe2 Nxe4 19. Bf4 Qb7 20. Rae1 Nf6 21. Be5
Qd5 22. Rd1 Qc5 23. Rd3 Nd7 24. Nf3 Qa7 25. b4 Bf6 26. Bxf6 Nxf6 27. Ne5 Qc7
28. Rg3 Kh8 29. Rh3 Rad8 30. Nd3 Rd5 31. Rf4 Rxd3 32. Qxd3 Qxf4 0-1

[Event "Memorial Romana Baka "]
[Site "Starochorzowski Dom Kultury, u"]
[Date "2016.09.19"]
[Round "5.12"]
[White "Janiszewski, Maciej"]
[Black "Kozlinski, Marcin"]
[Result "1-0"]
[WhiteElo "2129"]
[BlackElo "1589"]
[PlyCount "87"]
[EventDate "2016.??.??"]

1. Nf3 Nf6 2. c4 e6 3. g3 d5 4. d4 c6 5. Qc2 Nbd7 6. Bg2 Bd6 7. O-O O-O 8. Nbd2
Bc7 9. e4 dxe4 10. Nxe4 Nxe4 11. Qxe4 Nf6 12. Qe2 Re8 13. b3 Qe7 14. Bb2 Bd6
15. a3 c5 16. dxc5 Bxc5 17. b4 Bd6 18. Ne5 Nd7 19. Nxd7 Qxd7 20. Rfd1 Qc7 21.
c5 Bf8 22. Qb5 Re7 23. f4 a6 24. Qe2 Bd7 25. Be5 Qc8 26. Rd6 Bb5 27. Qg4 Rd7
28. Rxd7 Bxd7 29. Rd1 Bc6 30. Rd6 Bxg2 31. Kxg2 a5 32. Rb6 axb4 33. axb4 Qd7
34. Bd6 Ra6 35. Rxa6 bxa6 36. Bxf8 Qd5+ 37. Qf3 Qd2+ 38. Kh3 Kxf8 39. Qa8+ Ke7
40. c6 Qe2 41. Qa7+ Kf6 42. Qd4+ Ke7 43. Qd7+ Kf6 44. Qd8+ 1-0

[Event "Memorial Romana Baka "]
[Site "Starochorzowski Dom Kultury, u"]
[Date "2016.09.19"]
[Round "5.13"]
[White "Lendla, Janusz"]
[Black "Gajzner, Ryszard"]
[Result "0-1"]
[WhiteElo "1584"]
[BlackElo "1772"]
[PlyCount "78"]
[EventDate "2016.??.??"]

1. d4 f5 2. Nf3 Nf6 3. c4 g6 4. Nc3 Bg7 5. g3 d6 6. Bg2 O-O 7. O-O Qe8 8. Rb1
c6 9. b4 e5 10. Qb3 e4 11. Ng5 h6 12. Nh3 g5 13. d5 Qh5 14. b5 c5 15. f4 Nh7
16. e3 Nd7 17. a4 Nhf6 18. fxg5 Ng4 19. g6 Nde5 20. Ne2 Nxh2 21. Nef4 Nhf3+ 22.
Bxf3 Nxf3+ 23. Kg2 Qg4 24. Nf2 Qg5 25. Rh1 Ne5 26. Rh5 Qe7 27. Bb2 Bd7 28. Rbh1
Rf6 29. R1h2 Be8 30. Ne6 Rxg6 31. Rxf5 Bd7 32. Nxg7 Qxg7 33. Rfh5 Rxg3+ 34. Kf1
Rf8 35. Ke1 Rg1+ 36. Ke2 Rg2 37. Ke1 Rfxf2 38. Bxe5 dxe5 39. Rh1 Rb2 0-1

[Event "Memorial Romana Baka "]
[Site "Starochorzowski Dom Kultury, u"]
[Date "2016.09.19"]
[Round "5.14"]
[White "Oborski, Artur"]
[Black "Rychlik, Bogdan"]
[Result "1-0"]
[WhiteElo "1649"]
[BlackElo "1743"]
[PlyCount "147"]
[EventDate "2016.??.??"]

1. Nf3 d5 2. g3 Nc6 3. Bg2 e5 4. d3 Nf6 5. Nbd2 Bd6 6. O-O O-O 7. e4 d4 8. Nc4
h6 9. Bd2 Re8 10. Qe1 Bf8 11. a4 Bd7 12. b4 a6 13. b5 axb5 14. axb5 Rxa1 15.
Qxa1 Nb4 16. Qb1 c5 17. bxc6 Nxc6 18. Qxb7 Qa8 19. Qxa8 Rxa8 20. Nfxe5 Nxe5 21.
Nxe5 Ba4 22. Ra1 Bc6 23. Rxa8 Bxa8 24. Ba5 Bd6 25. Nc4 Bc5 26. e5 Nd5 27. Nd6
Kf8 28. Nb5 Ke7 29. Nc7 Nxc7 30. Bxc7 Bxg2 31. Kxg2 Ke6 32. Kf3 Kd5 33. Bd6 Bb6
34. Bf8 g6 35. Bg7 h5 36. h3 Bd8 37. g4 hxg4+ 38. Kxg4 Ba5 39. h4 Bd2 40. f4
Ke6 41. Bf6 Be3 42. Bg5 Bd2 43. Bd8 Bc3 44. Bb6 Bb2 45. Ba5 Ba1 46. Bd2 Bb2 47.
h5 gxh5+ 48. Kxh5 Kf5 49. Kh6 f6 50. exf6 Kxf6 51. Kh5 Kf5 52. Kh4 Ba1 53. Kg3
Bb2 54. Ba5 Bc1 55. Bc7 Bd2 56. Be5 Bc3 57. Kf3 Bb2 58. Ke2 Bc3 59. Kd1 Bb2 60.
Kd2 Bc3+ 61. Kc1 Kg4 62. Kb1 Kf5 63. Ka2 Ke6 64. Kb3 Kd5 65. Bg7 Bd2 66. f5 Be3
67. c4+ dxc3 68. Kxc3 Bg5 69. d4 Bf4 70. Kd3 Bg5 71. f6 Ke6 72. Ke4 Bxf6 73.
Bxf6 Kxf6 74. d5 1-0

[Event "Memorial Romana Baka"]
[Site "Starochorzowski Dom Kultury, u"]
[Date "2016.09.19"]
[Round "5.16"]
[White "Zabron, Maksym"]
[Black "Kaczmarski, Andrzej"]
[Result "1-0"]
[WhiteElo "1526"]
[BlackElo "1703"]
[PlyCount "55"]
[EventDate "2016.??.??"]

1. d4 Nf6 2. c4 g6 3. Nc3 d5 4. cxd5 Nxd5 5. e4 Nxc3 6. bxc3 Bg7 7. Bc4 c5 8.
Ne2 Nc6 9. Be3 O-O 10. O-O Qc7 11. Qc2 Na5 12. Bb3 c4 13. Ba4 a6 14. Qd2 b5 15.
Bc2 Bd7 16. Bh6 Nb7 17. Bxg7 Kxg7 18. f4 f5 19. Ng3 e6 20. d5 Qc5+ 21. Kh1 Rad8
22. dxe6 Bxe6 23. Qe2 Rfe8 24. exf5 Bxf5 25. Nxf5+ gxf5 26. Qh5 Nd6 27. Rf3 Re6
28. Qg5+ 1-0

[Event "Memorial Romana Baka "]
[Site "Starochorzowski Dom Kultury, u"]
[Date "2016.09.19"]
[Round "5.17"]
[White "Hryn, Zofia"]
[Black "Orlik, Sandra"]
[Result "1/2-1/2"]
[WhiteElo "1433"]
[BlackElo "1665"]
[PlyCount "79"]
[EventDate "2016.??.??"]

1. e4 c5 2. Nf3 e6 3. Qe2 Nf6 4. g3 Nc6 5. Bg2 d5 6. d3 Be7 7. O-O O-O 8. e5
Nd7 9. Nbd2 f6 10. exf6 Nxf6 11. Bh3 Qd6 12. Re1 Nd8 13. Ng5 Ng4 14. Qxg4 e5
15. Qh5 Bxg5 16. Bxc8 Bxd2 17. Bxd2 Rxc8 18. Qxe5 Qc6 19. d4 Nf7 20. Qe3 Qb5
21. dxc5 Rxc5 22. Bc3 Qc4 23. Qd4 Qxd4 24. Bxd4 Rxc2 25. Re7 Rd2 26. Bc3 Rd3
27. Rxb7 d4 28. Bb4 Ra8 29. Bc5 a5 30. Rd7 Ne5 31. Rd5 Nc6 32. Rc1 Rd2 33. Bb6
Nb4 34. Rxa5 Rf8 35. Rf1 Rxb2 36. Bxd4 Rxa2 37. Rxa2 Nxa2 38. Ra1 Nb4 39. Rb1
Nc6 40. Be3 1/2-1/2

[Event "Memorial Romana Baka "]
[Site "Starochorzowski Dom Kultury, u"]
[Date "2016.09.19"]
[Round "5.18"]
[White "Mostowski, Boguslaw"]
[Black "Sowierszenko, Tomasz"]
[Result "1-0"]
[WhiteElo "1758"]
[BlackElo "1398"]
[PlyCount "81"]
[EventDate "2016.??.??"]

1. e4 c5 2. Nf3 e6 3. d4 cxd4 4. Nxd4 a6 5. Bd3 Qc7 6. Qe2 Nc6 7. Nxc6 bxc6 8.
Nc3 Bb4 9. Bd2 Nf6 10. O-O O-O 11. a3 Bd6 12. f4 e5 13. f5 Bb7 14. g4 Bc5+ 15.
Kh1 d5 16. g5 Nd7 17. Rf3 dxe4 18. Bxe4 Bd4 19. Na4 Rad8 20. Rb3 Nc5 21. Nxc5
Bxc5 22. Be1 Rd7 23. Qf3 Bd4 24. f6 g6 25. h4 Rb8 26. Rd1 c5 27. Rxb7 Rxb7 28.
Bxb7 Qxb7 29. Qxb7 Rxb7 30. c3 Rxb2 31. cxd4 exd4 32. Kg1 Re2 33. Bf2 Re4 34.
Re1 Rxe1+ 35. Bxe1 h5 36. Kg2 Kf8 37. Kf3 Ke8 38. Ke2 d3+ 39. Kxd3 Kd7 40. Kc4
Kc6 41. Bf2 1-0

[Event "Memorial Romana Baka "]
[Site "Starochorzowski Dom Kultury, u"]
[Date "2016.09.19"]
[Round "5.19"]
[White "Wirtek, Jerzy"]
[Black "Zielinski, Marcin"]
[Result "1-0"]
[WhiteElo "1711"]
[BlackElo "1534"]
[PlyCount "51"]
[EventDate "2016.??.??"]

1. d4 d5 2. Nf3 Nf6 3. e3 e6 4. Bd3 Be7 5. Nbd2 Nbd7 6. O-O O-O 7. Re1 c5 8. c3
c4 9. Bc2 b5 10. e4 Nb6 11. e5 Ne8 12. Nf1 b4 13. Ng3 Bd7 14. h3 a5 15. Nh2 a4
16. Qh5 g6 17. Qh6 f6 18. Nf3 b3 19. Bxg6 hxg6 20. Qxg6+ Ng7 21. Nh5 Rf7 22.
exf6 Bxf6 23. Bg5 Qe7 24. Bxf6 Rxf6 25. Nxf6+ Kf8 26. Ng5 1-0

[Event "Memorial Romana Baka "]
[Site "Starochorzowski Dom Kultury, u"]
[Date "2016.09.19"]
[Round "5.20"]
[White "Jablonski, Hubert"]
[Black "Mokrzycki, Jan"]
[Result "1-0"]
[WhiteElo "1500"]
[BlackElo "1707"]
[PlyCount "63"]
[EventDate "2016.??.??"]

1. e4 e5 2. f4 exf4 3. Nf3 Nf6 4. e5 Nh5 5. Bc4 d5 6. exd6 Bxd6 7. O-O O-O 8.
d4 Be6 9. Bxe6 fxe6 10. Nc3 Nd7 11. Ne4 h6 12. Nfg5 Qe8 13. Nxd6 cxd6 14. Nxe6
Qxe6 15. Qxh5 Rf5 16. Qf3 Rb8 17. Bxf4 g5 18. Qe3 Qd5 19. Bg3 Rbf8 20. Qb3 Qxb3
21. axb3 d5 22. Rxf5 Rxf5 23. Rxa7 Nf6 24. Rxb7 Ne4 25. Be1 Nd6 26. Re7 Rf4 27.
Bg3 Nf5 28. Bxf4 Nxe7 29. Be5 Nc6 30. c4 dxc4 31. bxc4 Na5 32. c5 1-0

[Event "Memorial Romana Baka "]
[Site "Starochorzowski Dom Kultury, u"]
[Date "2016.09.19"]
[Round "5.21"]
[White "Smolka, Robert"]
[Black "Gredka, Dominika"]
[Result "0-1"]
[WhiteElo "1362"]
[BlackElo "1633"]
[PlyCount "80"]
[EventDate "2016.??.??"]

1. e4 e5 2. Nf3 d6 3. d4 exd4 4. Bc4 Be7 5. c3 Nf6 6. Bg5 dxc3 7. Nxc3 O-O 8.
Qc2 h6 9. h4 c6 10. e5 dxe5 11. Bxf6 Bxf6 12. Qg6 Qd7 13. Ne4 Qf5 14. Nxf6+
Qxf6 15. Qxf6 gxf6 16. O-O-O Nd7 17. Rd6 Kg7 18. Rhd1 Nc5 19. Nd2 a5 20. Rg1
Be6 21. Bxe6 Nxe6 22. g4 Rad8 23. Ne4 Rxd6 24. Nxd6 b5 25. Ne4 Kg6 26. h5+ Kg7
27. Rd1 Rd8 28. Rxd8 Nxd8 29. Kd2 Ne6 30. Nd6 Nd4 31. Nf5+ Nxf5 32. gxf5 Kf8
33. Kd3 Ke7 34. a3 Kd6 35. f3 Kd5 36. b3 c5 37. Ke3 c4 38. b4 a4 39. Kd2 Kd4
40. Kc2 Ke3 0-1

[Event "Memorial Romana Baka "]
[Site "Starochorzowski Dom Kultury, u"]
[Date "2016.09.19"]
[Round "5.22"]
[White "Hertlein, Irena"]
[Black "Stemplewski, Kamil"]
[Result "1/2-1/2"]
[WhiteElo "1483"]
[BlackElo "1597"]
[PlyCount "94"]
[EventDate "2016.??.??"]

1. d4 Nf6 2. Nf3 d5 3. c4 e6 4. g3 Bb4+ 5. Bd2 Bxd2+ 6. Nbxd2 O-O 7. Bg2 Nbd7
8. O-O c6 9. Qc2 Qe7 10. Rac1 e5 11. cxd5 Nxd5 12. dxe5 Nxe5 13. Nxe5 Qxe5 14.
Nf3 Qf6 15. e3 Ne7 16. Rfd1 Bg4 17. Qc3 Qxc3 18. Rxc3 Ng6 19. h3 Bxf3 20. Bxf3
Ne5 21. Bg2 Rad8 22. Rcc1 Nd3 23. Rc2 Rd7 24. Rcd2 Rfd8 25. Kf1 Kf8 26. Be4 Nc5
27. Rxd7 Rxd7 28. Rxd7 Nxd7 29. Ke1 Ke7 30. Kd2 Ne5 31. Kc3 h6 32. Kd4 Kd6 33.
f4 Nd7 34. Bg2 Nf6 35. g4 Nd5 36. Bxd5 cxd5 37. e4 dxe4 38. Kxe4 g6 39. h4 Ke6
40. f5+ gxf5+ 41. gxf5+ Kf6 42. b4 b6 43. a4 Ke7 44. Ke5 h5 45. f6+ Kd7 46. b5
Kc7 47. Kd5 Kd7 1/2-1/2

[Event "Memorial Romana Baka "]
[Site "Starochorzowski Dom Kultury, u"]
[Date "2016.09.19"]
[Round "5.23"]
[White "Gonsior, Pawel"]
[Black "Bobecki, Tadeusz"]
[Result "0-1"]
[WhiteElo "1364"]
[BlackElo "1785"]
[PlyCount "108"]
[EventDate "2016.??.??"]

1. d4 d5 2. c4 e5 3. cxd5 Qxd5 4. dxe5 Qxe5 5. Nf3 Bb4+ 6. Nbd2 Qa5 7. e3 Bf5
8. Be2 Nc6 9. O-O Rd8 10. Bc4 Nf6 11. Qe2 O-O 12. Nb3 Qb6 13. a3 Be7 14. h3 Nd7
15. e4 Bg6 16. Be3 Nc5 17. Nbd2 Qxb2 18. Rfb1 Qf6 19. e5 Nxe5 20. Bg5 Rxd2 21.
Bxf6 Rxe2 22. Bxe5 Rxe5 23. Nxe5 Bxb1 24. Rxb1 Bd6 25. Nd3 Nxd3 26. Bxd3 b6 27.
a4 a5 28. Bb5 g6 29. Rc1 Rd8 30. Kf1 Bc5 31. Rc4 Rd2 32. Rf4 Kg7 33. Ke1 Rb2
34. Kf1 f5 35. g4 Bd6 36. Rf3 f4 37. Rd3 g5 38. Ke1 Kf6 39. Rd5 h6 40. Rf5+ Ke7
41. h4 Bb4+ 42. Kf1 Bc5 43. hxg5 hxg5 44. Re5+ Kd6 45. Re2 Rb4 46. Rd2+ Bd4 47.
Rc2 c5 48. Ke2 Kd5 49. f3 c4 50. Kd2 Be3+ 51. Ke2 Kd4 52. Ra2 Kc3 53. Kd1 Rb1+
54. Ke2 Kb3 0-1

[Event "Memorial Romana Baka"]
[Site "Chorzow"]
[Date "2016.09.19"]
[Round "5.1"]
[White "Piesik, Piotr"]
[Black "Piankov, Evgenij"]
[Result "0-1"]
[BlackElo "2254"]
[WhiteElo "2298"]
[LiveChessVersion "1.4.8"]

1. Nf3 {[%clk 1:30:55]} d5 {[%clk 1:30:56]} 2. g3 {[%clk 1:31:02]} g6
{[%clk 1:31:11]} 3. Bg2 {[%clk 1:31:21]} Bg7 {[%clk 1:31:28]} 4. d4
{[%clk 1:31:03]} e6 {[%clk 1:31:27]} 5. O-O {[%clk 1:31:01]} Ne7 {[%clk 1:31:44]}
6. Nbd2 {[%clk 1:23:30]} Nbc6 {[%clk 1:29:07]} 7. c3 {[%clk 1:23:19]} O-O
{[%clk 1:22:35]} 8. e4 {[%clk 1:22:19]} b6 {[%clk 1:20:51]} 9. Re1
{[%clk 1:22:29]} Na5 {[%clk 1:16:35]} 10. Qe2 {[%clk 1:20:55]} Re8
{[%clk 1:12:08]} 11. b4 {[%clk 1:17:00]} Nb7 {[%clk 0:59:25]} 12. e5
{[%clk 1:12:49]} c5 {[%clk 0:59:33]} 13. Nb3 {[%clk 1:06:06]} cxb4
{[%clk 0:59:05]} 14. cxb4 {[%clk 1:06:30]} a5 {[%clk 0:57:04]} 15. b5
{[%clk 1:05:56]} a4 {[%clk 0:57:05]} 16. Nbd2 {[%clk 1:06:21]} Bd7
{[%clk 0:57:06]} 17. Ba3 {[%clk 1:04:55]} Na5 {[%clk 0:55:17]} 18. Rab1
{[%clk 1:02:25]} Rc8 {[%clk 0:52:54]} 19. Qd1 {[%clk 0:59:16]} Nc4
{[%clk 0:51:44]} 20. Nxc4 {[%clk 0:47:07]} dxc4 {[%clk 0:51:38]} 21. Ng5
{[%clk 0:37:07]} Nd5 {[%clk 0:48:26]} 22. Ne4 {[%clk 0:37:27]} Qc7
{[%clk 0:46:40]} 23. Qc2 {[%clk 0:36:55]} Red8 {[%clk 0:39:06]} 24. Bd6
{[%clk 0:33:46]} Qa7 {[%clk 0:37:53]} 25. Nc3 {[%clk 0:33:38]} Nxc3
{[%clk 0:28:54]} 26. Qxc3 {[%clk 0:34:04]} Bf8 {[%clk 0:29:11]} 27. Bxf8
{[%clk 0:32:56]} Rxf8 {[%clk 0:29:26]} 28. Rec1 {[%clk 0:32:50]} Rc7
{[%clk 0:29:18]} 29. Qb4 {[%clk 0:32:52]} c3 {[%clk 0:21:55]} 30. Rxc3
{[%clk 0:32:16]} Rxc3 {[%clk 0:22:10]} 31. Qxc3 {[%clk 0:32:44]} Rc8
{[%clk 0:22:37]} 32. Bc6 {[%clk 0:29:22]} Rc7 {[%clk 0:22:21]} 33. Rc1
{[%clk 0:28:52]} Bxc6 {[%clk 0:22:40]} 34. bxc6 {[%clk 0:29:16]} b5
{[%clk 0:22:59]} 35. a3 {[%clk 0:27:15]} Qa6 {[%clk 0:18:44]} 36. Qc5
{[%clk 0:27:29]} Kg7 {[%clk 0:18:59]} 37. h4 {[%clk 0:26:35]} h5 {[%clk 0:17:54]}
38. d5 {[%clk 0:26:18]} exd5 {[%clk 0:18:22]} 39. Qxd5 {[%clk 0:26:41]} Qb6
{[%clk 0:18:05]} 40. Qd6 {[%clk 0:24:36]} Kh7 {[%clk 0:17:08]} 41. Rc2
{[%clk 0:20:37]} Qa5 {[%clk 0:13:23]} 42. Kg2 {[%clk 0:19:02]} Qb6
{[%clk 0:13:14]} 43. Rc3 {[%clk 0:19:09]} Kh6 {[%clk 0:09:37]} 44. Kg1
{[%clk 0:17:50]} Kg7 {[%clk 0:07:02]} 45. Qf6+ {[%clk 0:14:53]} Kh7
{[%clk 0:07:14]} 46. e6 {[%clk 0:10:02]} fxe6 {[%clk 0:07:42]} 47. Qxe6
{[%clk 0:09:01]} b4 {[%clk 0:07:50]} 48. axb4 {[%clk 0:06:45]} Qxb4
{[%clk 0:08:18]} 49. Rf3 {[%clk 0:05:14]} Qe7 {[%clk 0:07:14]} 50. Qd5
{[%clk 0:05:39]} a3 {[%clk 0:04:31]} 51. Re3 {[%clk 0:05:12]} Qf8
{[%clk 0:04:41]} 52. Re2 {[%clk 0:01:29]} Qf7 {[%clk 0:03:35]} 53. Qa5
{[%clk 0:01:03]} Rxc6 {[%clk 0:03:43]} 54. Qxa3 {[%clk 0:01:27]} Rc7
{[%clk 0:04:00]} 55. Qa8 {[%clk 0:00:41]} Ra7 {[%clk 0:04:01]} 56. Qe4
{[%clk 0:00:52]} Rc7 {[%clk 0:04:08]} 57. Rb2 {[%clk 0:00:49]} Re7
{[%clk 0:04:17]} 58. Qb4 {[%clk 0:00:55]} Rd7 {[%clk 0:04:27]} 59. Rd2
{[%clk 0:00:51]} Rb7 {[%clk 0:03:32]} 60. Qe4 {[%clk 0:00:45]} Re7
{[%clk 0:03:45]} 61. Qb1 {[%clk 0:00:42]} Rb7 {[%clk 0:03:23]} 62. Qd1
{[%clk 0:00:47]} Qf5 {[%clk 0:03:19]} 63. Rd3 {[%clk 0:00:55]} Rf7
{[%clk 0:02:14]} 64. Qd2 {[%clk 0:01:17]} Rb7 {[%clk 0:02:25]} 65. Rd4
{[%clk 0:00:53]} Rb1+ {[%clk 0:02:11]} 66. Kg2 {[%clk 0:01:15]} Rb7
{[%clk 0:02:33]} 67. Qe3 {[%clk 0:01:13]} Qf7 {[%clk 0:02:25]} 68. Re4
{[%clk 0:00:41]} Qd5 {[%clk 0:02:25]} 69. Kh2 {[%clk 0:00:59]} Qf7
{[%clk 0:02:12]} 70. Re5 {[%clk 0:00:44]} Rd7 {[%clk 0:01:51]} 71. Kg2
{[%clk 0:01:06]} Rb7 {[%clk 0:01:59]} 72. Qe4 {[%clk 0:01:17]} Kg7
{[%clk 0:02:10]} 73. Re8 {[%clk 0:01:19]} Kh7 {[%clk 0:02:10]} 74. Re6
{[%clk 0:00:48]} Ra7 {[%clk 0:01:57]} 75. Re5 {[%clk 0:00:49]} Kg7
{[%clk 0:02:07]} 76. Qd4 {[%clk 0:00:58]} Kh7 {[%clk 0:02:36]} 77. Rd5
{[%clk 0:00:59]} Re7 {[%clk 0:02:41]} 78. Qd3 {[%clk 0:01:18]} Kg7
{[%clk 0:02:51]} 79. Rd8 {[%clk 0:01:41]} Kh7 {[%clk 0:03:00]} 80. Qd4
{[%clk 0:01:23]} Qg7 {[%clk 0:03:28]} 81. Qf4 {[%clk 0:01:10]} Ra7
{[%clk 0:03:18]} 82. Re8 {[%clk 0:00:55]} Qb7+ {[%clk 0:03:04]} 83. f3
{[%clk 0:00:32]} Ra2+ {[%clk 0:02:57]} 84. Kh3 {[%clk 0:00:59]} Qd7+
{[%clk 0:03:10]} 0-1

[Event "Memorial Romana Baka"]
[Site "Chorzow"]
[Date "2016.09.19"]
[Round "5.2"]
[White "Mucha, Piotr"]
[Black "Faron, Rafal"]
[Result "1/2-1/2"]
[BlackElo "2062"]
[WhiteElo "2161"]
[LiveChessVersion "1.4.8"]

1. e4 {[%clk 1:30:56]} d6 {[%clk 1:30:57]} 2. d4 {[%clk 1:31:18]} Nf6
{[%clk 1:31:22]} 3. Nc3 {[%clk 1:31:37]} g6 {[%clk 1:31:42]} 4. f4
{[%clk 1:31:48]} Bg7 {[%clk 1:32:09]} 5. Nf3 {[%clk 1:32:10]} c5 {[%clk 1:32:36]}
6. Bb5+ {[%clk 1:31:59]} Bd7 {[%clk 1:32:11]} 7. e5 {[%clk 1:31:58]} Ng4
{[%clk 1:32:00]} 8. Bxd7+ {[%clk 1:31:32]} Qxd7 {[%clk 1:30:36]} 9. h3
{[%clk 1:31:38]} cxd4 {[%clk 1:29:42]} 10. Qxd4 {[%clk 1:31:58]} Nc6
{[%clk 1:30:08]} 11. Qe4 {[%clk 1:32:03]} Nh6 {[%clk 1:29:52]} 12. Be3
{[%clk 1:31:50]} dxe5 {[%clk 1:20:55]} 13. fxe5 {[%clk 1:32:00]} Qf5
{[%clk 1:10:33]} 14. O-O-O {[%clk 1:15:48]} O-O {[%clk 0:58:27]} 15. g4
{[%clk 1:05:17]} Qxe4 {[%clk 0:56:42]} 16. Nxe4 {[%clk 1:05:42]} f5
{[%clk 0:56:26]} 17. exf6 {[%clk 1:05:43]} exf6 {[%clk 0:56:50]} 18. Nc5
{[%clk 0:56:02]} Rfe8 {[%clk 0:40:00]} 19. Rhe1 {[%clk 0:50:13]} f5
{[%clk 0:29:39]} 20. g5 {[%clk 0:48:05]} Nf7 {[%clk 0:30:03]} 21. Bf4
{[%clk 0:46:04]} Rxe1 {[%clk 0:26:19]} 22. Rxe1 {[%clk 0:46:08]} b6
{[%clk 0:26:25]} 23. Ne6 {[%clk 0:32:24]} Re8 {[%clk 0:20:41]} 24. Nxg7
{[%clk 0:32:48]} 1/2-1/2

[Event "Memorial Romana Baka"]
[Site "Chorzow"]
[Date "2016.09.19"]
[Round "5.3"]
[White "Cieraszewski, Piotr"]
[Black "Sroka, Janusz"]
[Result "0-1"]
[BlackElo "2026"]
[WhiteElo "1771"]
[LiveChessVersion "1.4.8"]

1. d4 {[%clk 1:30:52]} Nf6 {[%clk 1:30:55]} 2. c4 {[%clk 1:30:53]} g6
{[%clk 1:31:18]} 3. Nc3 {[%clk 1:30:53]} Bg7 {[%clk 1:31:42]} 4. e4
{[%clk 1:31:04]} d6 {[%clk 1:32:06]} 5. g3 {[%clk 1:31:08]} O-O {[%clk 1:32:29]}
6. Bg2 {[%clk 1:31:29]} c5 {[%clk 1:31:49]} 7. Nge2 {[%clk 1:31:33]} Na6
{[%clk 1:31:38]} 8. a3 {[%clk 1:31:15]} Re8 {[%clk 1:29:55]} 9. Rb1
{[%clk 1:30:56]} cxd4 {[%clk 1:21:09]} 10. Nxd4 {[%clk 1:31:11]} Bg4
{[%clk 1:21:16]} 11. Nde2 {[%clk 1:24:02]} Qc8 {[%clk 1:20:53]} 12. b3
{[%clk 1:19:50]} Bh3 {[%clk 1:19:49]} 13. O-O {[%clk 1:19:22]} Nc5
{[%clk 1:18:44]} 14. Bxh3 {[%clk 1:18:42]} Qxh3 {[%clk 1:19:10]} 15. Nf4
{[%clk 1:18:48]} Qc8 {[%clk 1:19:27]} 16. f3 {[%clk 1:17:51]} e6 {[%clk 1:05:01]}
17. Kg2 {[%clk 1:14:26]} Rd8 {[%clk 1:02:49]} 18. Qe2 {[%clk 1:10:30]} b6
{[%clk 0:58:55]} 19. Rd1 {[%clk 1:09:29]} h6 {[%clk 0:52:38]} 20. Nb5
{[%clk 1:09:19]} Qc6 {[%clk 0:52:38]} 21. Nd4 {[%clk 1:08:50]} Qb7
{[%clk 0:51:54]} 22. Nb5 {[%clk 1:08:27]} Qc6 {[%clk 0:50:49]} 23. Nd4
{[%clk 1:08:39]} Qe8 {[%clk 0:50:56]} 24. Nb5 {[%clk 1:08:15]} Qe7
{[%clk 0:50:45]} 25. Nc3 {[%clk 1:06:13]} g5 {[%clk 0:49:28]} 26. Nd3
{[%clk 1:05:42]} Nxd3 {[%clk 0:42:43]} 27. Rxd3 {[%clk 1:05:28]} Nd7
{[%clk 0:43:01]} 28. Na2 {[%clk 0:59:41]} Nc5 {[%clk 0:36:06]} 29. Rd1
{[%clk 0:59:08]} Qb7 {[%clk 0:34:22]} 30. Bb2 {[%clk 0:58:06]} Qe7
{[%clk 0:25:33]} 31. Bxg7 {[%clk 0:57:57]} Kxg7 {[%clk 0:26:02]} 32. b4
{[%clk 0:57:19]} Nd7 {[%clk 0:25:21]} 33. Qb2+ {[%clk 0:51:16]} Kh7
{[%clk 0:25:30]} 34. b5 {[%clk 0:49:50]} Ne5 {[%clk 0:24:13]} 35. Rd4
{[%clk 0:46:17]} Rac8 {[%clk 0:24:35]} 36. Qe2 {[%clk 0:46:03]} Qf6
{[%clk 0:24:29]} 37. Rc1 {[%clk 0:43:46]} Rd7 {[%clk 0:21:34]} 38. Rcd1
{[%clk 0:39:45]} Rdc7 {[%clk 0:21:35]} 39. Nb4 {[%clk 0:37:21]} Rxc4
{[%clk 0:19:03]} 40. Rxd6 {[%clk 0:37:03]} Rc3 {[%clk 0:18:49]} 41. Nd3
{[%clk 0:36:30]} Rc2 {[%clk 0:18:52]} 42. Rd2 {[%clk 0:35:52]} Rxd2
{[%clk 0:18:38]} 43. Qxd2 {[%clk 0:35:58]} Qxf3+ {[%clk 0:18:55]} 44. Kg1
{[%clk 0:36:10]} Nc4 {[%clk 0:18:18]} 0-1